[Event "1.Bundesliga Frauen 2019/20"]
[Site "St.Veit/Glan, Blumenhalle"]
[Date "2020.01.10"]
[Round "4"]
[Board "4"]
[White "Zeber, Katja"]
[Black "Moerwald, Miriam"]
[Result "1/2-1/2"]
[WhiteElo "1618"]
[BlackElo "1738"]
[PlyCount "74"]
[EventDate "2019.10.11"]
[EventType "team"]
[EventRounds "9"]
[EventCountry "AUT"]
[WhiteTeam "SV Kaerntner Stub'n Rapid Feffernitz"]
[BlackTeam "ASVOE Wulkaprodersdorf"]

1. e4 {[%emt 0:00:00]} e6 {[%emt 0:00:00]} 2. d4 d5 3. e5 c5 4. Nf3 cxd4 5.
Nxd4 Bd7 6. c4 Qc7 7. Qe2 dxc4 8. Qxc4 Qxe5+ 9. Be2 Nc6 10. Nf3 Qc7 11. O-O Nf6
12. Nc3 Rc8 13. Nb5 Qd8 14. Be3 a6 15. Nc3 Be7 16. Rfd1 O-O 17. Rac1 Nb4 18.
Qb3 b5 19. a3 Nbd5 20. Nxd5 Nxd5 21. Ne5 Rc7 22. Bf3 Qb8 23. Rxc7 Qxc7 24. Nxd7
Qxd7 25. Bxd5 exd5 26. Qxd5 Qxd5 27. Rxd5 Rd8 28. Rxd8+ Bxd8 29. Bd4 f6 30. f3
Kf7 31. Kf2 Ke6 32. Ke3 Kd5 33. Kd3 Bc7 34. h3 Ba5 35. g4 Bc7 36. h4 Bg3 37. h5
Bf4  1/2-1/2

[Event "1.Bundesliga Frauen 2019/20"]
[Site "St.Veit/Glan, Blumenhalle"]
[Date "2020.01.10"]
[Round "4"]
[Board "1"]
[White "Truszkiewicz, Eliza"]
[Black "Brunello, Marina"]
[Result "0-1"]
[WhiteElo "1883"]
[BlackElo "2368"]
[PlyCount "74"]
[EventDate "2019.10.11"]
[EventType "team"]
[EventRounds "9"]
[EventCountry "AUT"]
[WhiteTeam "SK DolomitenBank Lienz"]
[BlackTeam "Schach ohne Grenzen"]

1. e4 c5 2. c3 Nf6 3. d3 d6 4. Nf3 g6 5. Be2 Bg7 6. Nbd2 Nc6 7. Nf1 Rb8 8. Ng3
b5 9. Bd2 Qc7 10. Rc1 O-O 11. O-O Qb6 12. b3 b4 13. c4 a5 14. Qc2 a4 15. Rb1
axb3 16. axb3 Bg4 17. Bc1 Ra8 18. h3 Bxf3 19. Bxf3 Nd4 20. Qd1 Ra2 21. Bb2 Nd7
22. Bxd4 Bxd4 23. Ne2 Bg7 24. Nc1 Ra3 25. Be2 Rfa8 26. f4 Ra1 27. Rxa1 Rxa1 28.
Qc2 Qa7 29. Bg4 Nb8 30. f5 Nc6 31. fxg6 hxg6 32. Bd1 Qa3 33. Ne2 Bh6 34. d4
cxd4 35. Qd3 Be3+ 36. Kh2 Ne5 37. Qc2 d3  0-1

[Event "1.Bundesliga Frauen 2019/20"]
[Site "St.Veit/Glan, Blumenhalle"]
[Date "2020.01.10"]
[Round "4"]
[Board "2"]
[White "Gueci, Tea"]
[Black "Katter, Katharina"]
[Result "1-0"]
[WhiteElo "2228"]
[BlackElo "1930"]
[PlyCount "85"]
[EventDate "2019.10.11"]
[EventType "team"]
[EventRounds "9"]
[EventCountry "AUT"]
[WhiteTeam "Schach ohne Grenzen"]
[BlackTeam "SK DolomitenBank Lienz"]

1. e4 e5 2. Nf3 Nc6 3. Bb5 a6 4. Ba4 Nf6 5. O-O Be7 6. d3 b5 7. Bb3 d6 8. a3
Bg4 9. c3 Na5 10. Ba2 c5 11. b4 Nc6 12. h3 Bh5 13. Nbd2 a5 14. bxa5 Qxa5 15.
Qc2 O-O 16. g4 Bg6 17. Nh4 Rfd8 18. Ndf3 d5 19. Nxg6 hxg6 20. g5 dxe4 21. dxe4
Ne8 22. Bd5 Rac8 23. a4 bxa4 24. Rxa4 Qc7 25. Qa2 Bd6 26. Ra6 Qe7 27. Kg2 Nb8
28. Ra7 Rc7 29. Ra4 Nc6 30. Be3 Na7 31. Ra1 Nb5 32. Qc4 Rb8 33. Ra8 Rxa8 34.
Rxa8 Na7 35. Bxf7+ Qxf7 36. Rxe8+ Kh7 37. Qxf7 Rxf7 38. Nxe5 Bxe5 39. Rxe5 Nb5
40. Rxc5 Nd6 41. f3 Rf8 42. Bd4 Nf7 43. h4  1-0

[Event "1.Bundesliga Frauen 2019/20"]
[Site "St.Veit/Glan, Blumenhalle"]
[Date "2020.01.10"]
[Round "4"]
[Board "3"]
[White "Mattersberger, Melanie"]
[Black "Stangl, Anita"]
[Result "1/2-1/2"]
[WhiteElo "1752"]
[BlackElo "2005"]
[PlyCount "70"]
[EventDate "2019.10.11"]
[EventType "team"]
[EventRounds "9"]
[EventCountry "AUT"]
[WhiteTeam "SK DolomitenBank Lienz"]
[BlackTeam "Schach ohne Grenzen"]

1. e4 e6 2. d4 d5 3. exd5 exd5 4. Nf3 Nc6 5. h3 Bd6 6. Bd3 Nb4 7. c3 Nxd3+ 8.
Qxd3 Ne7 9. O-O f6 10. Re1 O-O 11. Nh4 g5 12. Nf3 c6 13. g4 Ng6 14. Be3 Bc7 15.
Nbd2 b5 16. Nf1 Bf4 17. Ng3 Bxe3 18. Rxe3 Nf4 19. Qf1 Re8 20. Rae1 Rxe3 21.
fxe3 Ng6 22. Nh5 Qf8 23. Qg2 h6 24. Qc2 Qf7 25. e4 Be6 26. e5 fxe5 27. Nxe5
Nxe5 28. dxe5 Rf8 29. Nf6+ Kh8 30. Rf1 a5 31. Qd3 b4 32. Qa6 Qc7 33. Qd3 Qf7
34. Qa6 Qc7 35. Qd3 Qf7  1/2-1/2

[Event "1.Bundesliga Frauen 2019/20"]
[Site "St.Veit/Glan, Blumenhalle"]
[Date "2020.01.10"]
[Round "4"]
[Board "4"]
[White "Wunderl, Eva"]
[Black "Katter, Marlene"]
[Result "1/2-1/2"]
[WhiteElo "1898"]
[BlackElo "1609"]
[PlyCount "105"]
[EventDate "2019.10.11"]
[EventType "team"]
[EventRounds "9"]
[EventCountry "AUT"]
[WhiteTeam "Schach ohne Grenzen"]
[BlackTeam "SK DolomitenBank Lienz"]

1. e4 e6 2. d4 d5 3. Nd2 dxe4 4. Nxe4 Nd7 5. Nf3 Ngf6 6. Ng3 c5 7. c3 Be7 8.
Bd3 b6 9. O-O Bb7 10. Qe2 O-O 11. Be3 Qc7 12. Rfe1 Rfd8 13. Rad1 Nf8 14. Bc2
Ng6 15. Ng5 Nd5 16. Qh5 Nf6 17. Qe2 Nd5 18. Qh5 Nf6 19. Qh3 Bd6 20. N3e4 Bxe4
21. Bxe4 Rac8 22. Bc2 Nf8 23. Ne4 Nxe4 24. Bxe4 Bf4 25. dxc5 Rxd1 26. Rxd1 Bxe3
27. Qxe3 Qxc5 28. Qd3 Qc4 29. Qb1 Qc7 30. g3 Rd8 31. a3 Rd7 32. Qc2 Qd8 33.
Rxd7 Qxd7 34. c4 Qd4 35. Kg2 h6 36. b4 Nd7 37. f4 Nf6 38. Bf3 Nd7 39. a4 Qd6
40. Qd1 Qxd1 41. Bxd1 Kf8 42. Kf3 Ke7 43. Ke4 Kd6 44. Kd4 Kc6 45. Bf3+ Kd6 46.
a5 bxa5 47. c5+ Kc7 48. bxa5 Nb8 49. Kc4 Nc6 50. a6 Ne7 51. Be4 Kd7 52. Bf3 Kc7
53. Be4  1/2-1/2

[Event "1.Bundesliga Frauen 2019/20"]
[Site "St.Veit/Glan, Blumenhalle"]
[Date "2020.01.10"]
[Round "4"]
[Board "1"]
[White "Novkovic, Julia"]
[Black "Theissl-Pokorna, Regina"]
[Result "0-1"]
[WhiteElo "2170"]
[BlackElo "2296"]
[PlyCount "158"]
[EventDate "2019.10.11"]
[EventType "team"]
[EventRounds "9"]
[EventCountry "AUT"]
[WhiteTeam "SK Dornbirn"]
[BlackTeam "ASVOE Pamhagen 1"]

1. e4 e5 2. Nf3 Nc6 3. Nc3 Nf6 4. d4 exd4 5. Nxd4 Bb4 6. Nxc6 bxc6 7. Bd3 d5 8.
exd5 cxd5 9. O-O O-O 10. Bg5 c6 11. Qf3 Bd6 12. Bxf6 Qxf6 13. Qxf6 gxf6 14. Ne2
Be5 15. c3 c5 16. Ng3 Rb8 17. Rab1 Rb6 18. f4 Bc7 19. b3 Re8 20. Rbd1 Be6 21.
Bc2 Rd8 22. Nf5 Ra6 23. a4 Rb6 24. Rb1 d4 25. a5 Ra6 26. Rf3 Bxf5 27. Bxf5 Rxa5
28. c4 Re8 29. Bd7 Re4 30. g3 Ra2 31. Rf2 Rxf2 32. Kxf2 Ba5 33. Ra1 Bc3 34. Bf5
Re3 35. Rxa7 Be1+ 36. Kf1 Bb4 37. Ra8+ Kg7 38. Rd8 Rxb3 39. Rd7 Re3 40. Rd8 h5
41. Rd7 h4 42. gxh4 Rf3+ 43. Kg2 Rxf4 44. Be6 Rxh4 45. Rxf7+ Kg6 46. Rd7 Re4
47. Bg8 Re2+ 48. Kg3 Be1+ 49. Kf4 Bd2+ 50. Kg3 Re3+ 51. Kg2 Re2+ 52. Kg3 Be1+
53. Kf4 Rxh2 54. Bf7+ Kh6 55. Be6 Bd2+ 56. Kf3 Be3 57. Rd5 Rf2+ 58. Ke4 Bg5 59.
Bf5 Re2+ 60. Kf3 Re1 61. Kg4 Rg1+ 62. Kf3 Rf1+ 63. Kg4 Be3 64. Bd3 Rd1 65. Bf5
Rg1+ 66. Kf3 Re1 67. Kg4 Rc1 68. Bd3 Rc3 69. Be2 Bg5 70. Bf1 Kg6 71. Rxc5 d3
72. Rd5 d2 73. Be2 f5+ 74. Rxf5 Rxc4+ 75. Bxc4 d1=Q+ 76. Rf3 Qd4+ 77. Kh3 Qxc4
78. Kg3 Kh5 79. Kg2 Qe4  0-1

[Event "1.Bundesliga Frauen 2019/20"]
[Site "St.Veit/Glan, Blumenhalle"]
[Date "2020.01.10"]
[Round "4"]
[Board "2"]
[White "Worek, Joanna"]
[Black "Motycakova, Monika"]
[Result "1-0"]
[WhiteElo "2326"]
[BlackElo "2126"]
[PlyCount "109"]
[EventDate "2019.10.11"]
[EventType "team"]
[EventRounds "9"]
[EventCountry "AUT"]
[WhiteTeam "ASVOE Pamhagen 1"]
[BlackTeam "SK Dornbirn"]

1. e4 e5 2. Nf3 Nc6 3. Bb5 a6 4. Ba4 Nf6 5. O-O Be7 6. Re1 b5 7. Bb3 d6 8. c3
O-O 9. h3 Na5 10. Bc2 c5 11. d4 Qc7 12. Nbd2 cxd4 13. cxd4 Nc6 14. Nb3 a5 15.
Be3 a4 16. Nbd2 Bd7 17. Nf1 Rfe8 18. Ng3 Nb4 19. Bb1 a3 20. Qd2 Nc6 21. b3 Qb8
22. d5 Na5 23. Bd3 Rc8 24. Qb4 Nb7 25. Nxe5 Nc5 26. Nxd7 Nxd3 27. Qd2 Nxd7 28.
Qxd3 Bf6 29. Bd4 Ne5 30. Qd2 b4 31. Nh5 Bh4 32. Qf4 Be7 33. Rac1 Bf8 34. Qg3
Kh8 35. f4 Ng6 36. Qe3 Qb5 37. Ng3 Qd7 38. Nf5 Ne7 39. Nxe7 Bxe7 40. Qd2 Bh4
41. Rxc8+ Rxc8 42. Rc1 h6 43. Kh2 Kh7 44. Rc4 Rxc4 45. bxc4 Qb7 46. Qe3 Kg8 47.
e5 Be7 48. Qg3 dxe5 49. fxe5 Bg5 50. Qb3 Bd2 51. c5 Qc7 52. d6 Qd7 53. Qf3 Qe6
54. c6 Qxa2 55. d7  1-0

[Event "1.Bundesliga Frauen 2019/20"]
[Site "St.Veit/Glan, Blumenhalle"]
[Date "2020.01.10"]
[Round "4"]
[Board "3"]
[White "Kurapova, Olga"]
[Black "Boric, Elena"]
[Result "0-1"]
[WhiteElo "1935"]
[BlackElo "2179"]
[PlyCount "94"]
[EventDate "2019.10.11"]
[EventType "team"]
[EventRounds "9"]
[EventCountry "AUT"]
[WhiteTeam "SK Dornbirn"]
[BlackTeam "ASVOE Pamhagen 1"]

1. d4 f5 2. Nf3 Nf6 3. c4 d6 4. Nc3 g6 5. Bf4 Bg7 6. e3 O-O 7. c5 d5 8. h3 c6
9. b4 Ne4 10. Qb3 Nd7 11. Bd3 Kh8 12. h4 Qe8 13. Ne5 Nxe5 14. Bxe5 Nf6 15. Ne2
Ng4 16. Bxg7+ Kxg7 17. h5 g5 18. f4 h6 19. Bc2 Qf7 20. Kd2 Nf2 21. Rhf1 Ne4+
22. Bxe4 dxe4 23. Qc3 Kg8 24. Rh1 g4 25. a4 Qd5 26. b5 Be6 27. Rhb1 Rac8 28.
bxc6 Qxc6 29. Rb4 Bd5 30. Qc1 Qa6 31. Qa3 e6 32. Rab1 Rfd8 33. Nc1 Qa5 34. Ke2
Qa6+ 35. Kf2 Qc6 36. Ne2 Qc7 37. Nc3 Bc6 38. Nb5 Qe7 39. Rh1 Bxb5 40. axb5 b6
41. c6 Rd5 42. Qb2 g3+ 43. Kxg3 Kh7 44. Kf2 Rg8 45. Rc4 Qg7 46. Kf1 Rxb5 47.
Qc2 Rb1+  0-1

[Event "1.Bundesliga Frauen 2019/20"]
[Site "St.Veit/Glan, Blumenhalle"]
[Date "2020.01.10"]
[Round "4"]
[Board "4"]
[White "Borek, Jutta"]
[Black "Stepanyan, Viktorya"]
[Result "1-0"]
[WhiteElo "2038"]
[BlackElo "1296"]
[PlyCount "108"]
[EventDate "2019.10.11"]
[EventType "team"]
[EventRounds "9"]
[EventCountry "AUT"]
[WhiteTeam "ASVOE Pamhagen 1"]
[BlackTeam "SK Dornbirn"]

1. c4 e6 2. g3 d5 3. Bg2 c6 4. Nf3 Bd6 5. d4 Nf6 6. Nbd2 Nbd7 7. O-O O-O 8. b3
Re8 9. Bb2 e5 10. dxe5 Nxe5 11. cxd5 Nxf3+ 12. Nxf3 Nxd5 13. Qd4 Nf6 14. Rfd1
Bc7 15. Qc3 Qe7 16. Rd2 Bg4 17. Rad1 Bxf3 18. Bxf3 Be5 19. Qxe5 Qxe5 20. Bxe5
Rxe5 21. b4 h6 22. h4 a5 23. Rd8+ Rxd8 24. Rxd8+ Re8 25. Rxe8+ Nxe8 26. bxa5
Nc7 27. Bg4 c5 28. Bf3 c4 29. Kf1 Nb5 30. Bxb7 Kf8 31. Ke1 Ke7 32. a6 c3 33.
Kd1 Kd7 34. a4 Na7 35. Kc2 Kc7 36. Kxc3 Kb6 37. Kb4 Nc6+ 38. Bxc6 Kxc6 39. e4
Kb6 40. a7 Kxa7 41. Kc5 Ka6 42. Kd6 Ka5 43. Ke7 f6 44. Kf7 g5 45. Kxf6 Kxa4 46.
hxg5 hxg5 47. e5 Kb5 48. e6 Kc6 49. Kxg5 Kd6 50. Kf6 Kd5 51. e7 Ke4 52. e8=Q+
Kf3 53. Qe3+ Kg2 54. g4 Kh2  1-0

[Event "1.Bundesliga Frauen 2019/20"]
[Site "St.Veit/Glan, Blumenhalle"]
[Date "2020.01.10"]
[Round "4"]
[Board "1"]
[White "Schnegg, Anna-Lena"]
[Black "Unuk, Laura"]
[Result "0-1"]
[WhiteElo "2223"]
[BlackElo "2379"]
[PlyCount "73"]
[EventDate "2019.10.11"]
[EventType "team"]
[EventRounds "9"]
[EventCountry "AUT"]
[WhiteTeam "Mayrhofen/SK Zell/Zillertal"]
[BlackTeam "SK Advisory Invest Baden"]

1. c4 e6 2. g3 d5 3. Bg2 Nf6 4. Nf3 dxc4 5. Qa4+ Nbd7 6. Qxc4 a6 7. Qc2 c5 8.
O-O b5 9. Ne5 Nd5 10. d4 Nxe5 11. dxe5 Qc7 12. Nc3 Bb7 13. Nxd5 Bxd5 14. Bxd5
exd5 15. a4 b4 16. e4 d4 17. Bf4 Qc6 18. b3 Be7 19. f3 Qe6 20. Rac1 g5 21. Bd2
Rd8 22. f4 gxf4 23. Bxf4 h5 24. Rf3 h4 25. Qd2 Qg6 26. Qd3 Rh7 27. Kh1 Qg4 28.
Rg1 Kd7 29. gxh4 Qe6 30. Bg5 Rdh8 31. Bf6 Bxf6 32. Rxf6 Rxh4 33. Rg2 Rxh2+ 34.
Rxh2 Rxh2+ 35. Kg1 Rh3 36. Qe2 Rg3+ 37. Kh1  0-1

[Event "1.Bundesliga Frauen 2019/20"]
[Site "St.Veit/Glan, Blumenhalle"]
[Date "2020.01.10"]
[Round "4"]
[Board "2"]
[White "Trippold, Denise"]
[Black "Koepke, Elena"]
[Result "1/2-1/2"]
[WhiteElo "2158"]
[BlackElo "2277"]
[PlyCount "85"]
[EventDate "2019.10.11"]
[EventType "team"]
[EventRounds "9"]
[EventCountry "AUT"]
[WhiteTeam "SK Advisory Invest Baden"]
[BlackTeam "Mayrhofen/SK Zell/Zillertal"]

1. d4 d5 2. c4 dxc4 3. Nf3 Nf6 4. e3 e6 5. Bxc4 a6 6. Nc3 c5 7. O-O b5 8. Bd3
Bb7 9. Qe2 Nc6 10. Rd1 Qc7 11. a3 Rd8 12. h3 h6 13. dxc5 Bxc5 14. b4 Ba7 15.
Bb2 O-O 16. Rac1 Qe7 17. Bb1 Bb8 18. Qc2 g6 19. Ne2 e5 20. Ba2 Kg7 21. Ng3
Rxd1+ 22. Rxd1 Rd8 23. h4 Rxd1+ 24. Qxd1 Qd7 25. Qc2 Qd6 26. h5 Nxh5 27. Nxh5+
gxh5 28. Nh4 Bc8 29. Nf5+ Bxf5 30. Qxf5 Qg6 31. Qd7 h4 32. e4 Nd4 33. Kh1 h3
34. Qxh3 Qxe4 35. Qg3+ Qg6 36. Qe3 Qh5+ 37. Kg1 Ne2+ 38. Kf1 Nf4 39. Kg1 Qd1+
40. Kh2 Qh5+ 41. Kg1 Qd1+ 42. Kh2 Qh5+ 43. Kg1  1/2-1/2

[Event "1.Bundesliga Frauen 2019/20"]
[Site "St.Veit/Glan, Blumenhalle"]
[Date "2020.01.10"]
[Round "4"]
[Board "3"]
[White "Mayrhuber, Nikola"]
[Black "Vidic, Teja"]
[Result "0-1"]
[WhiteElo "2024"]
[BlackElo "2242"]
[PlyCount "126"]
[EventDate "2019.10.11"]
[EventType "team"]
[EventRounds "9"]
[EventCountry "AUT"]
[WhiteTeam "Mayrhofen/SK Zell/Zillertal"]
[BlackTeam "SK Advisory Invest Baden"]

1. d4 d5 2. Nf3 Nf6 3. c4 c6 4. Nbd2 Bf5 5. Nh4 Bd7 6. g3 e6 7. Bg2 Be7 8. O-O
O-O 9. Qc2 Qb6 10. Nb3 a5 11. c5 Qa6 12. Bf4 a4 13. Nc1 b6 14. Nd3 bxc5 15.
Nxc5 Qb5 16. Nf3 Na6 17. Qxa4 Nxc5 18. Qxb5 cxb5 19. dxc5 Bxc5 20. Ne5 Ra7 21.
Nd3 Be7 22. a3 Ne8 23. e4 dxe4 24. Bxe4 Nd6 25. Be3 Rc7 26. Bg2 Rfc8 27. Rac1
Rxc1 28. Rxc1 Rxc1+ 29. Bxc1 Nc4 30. h4 f6 31. Bb7 Kf7 32. Kg2 Ke8 33. Nf4 Kd8
34. Bf3 Kc7 35. Ne2 e5 36. Nc3 Bc5 37. Bd5 Bc6 38. Kf3 Bxd5+ 39. Nxd5+ Kd6 40.
Nc3 Kc6 41. g4 Bd4 42. Nd1 Kd5 43. Ke2 g6 44. Kd3 e4+ 45. Kc2 Ne5 46. g5 f5 47.
Be3 Nf3 48. Kb3 Nxh4 49. Nc3+ Bxc3 50. bxc3 Ng2 51. Bd4 Nf4 52. Kb4 Kc6 53. c4
bxc4 54. Kxc4 Ne6 55. Bf6 Nf4 56. Bd4 Nh3 57. Be3 f4 58. Bd2 Nxg5 59. Bxf4 Ne6
60. Be3 h5 61. Ba7 h4 62. Bb8 Nc7 63. Ba7 h3  0-1

[Event "1.Bundesliga Frauen 2019/20"]
[Site "St.Veit/Glan, Blumenhalle"]
[Date "2020.01.10"]
[Round "4"]
[Board "4"]
[White "Molnar, Monika"]
[Black "Konecny, Sophie"]
[Result "0-1"]
[WhiteElo "1722"]
[BlackElo "1912"]
[PlyCount "56"]
[EventDate "2019.10.11"]
[EventType "team"]
[EventRounds "9"]
[EventCountry "AUT"]
[WhiteTeam "SK Advisory Invest Baden"]
[BlackTeam "Mayrhofen/SK Zell/Zillertal"]

1. e4 e6 2. d4 d5 3. Nd2 a6 4. Ngf3 Nf6 5. Bd3 c5 6. e5 Nfd7 7. c3 Nc6 8. O-O
g5 9. h3 h5 10. Nb1 Be7 11. Kh1 cxd4 12. cxd4 Qb6 13. Nc3 g4 14. Na4 Qa7 15.
Ng5 Qxd4 16. Nxe6 fxe6 17. Be3 Qxe5 18. Bg6+ Kd8 19. Nb6 Rb8 20. Re1 Qf6 21.
Nxd7 Bxd7 22. Bb6+ Kc8 23. Qc2 Bd6 24. Rac1 gxh3 25. Re3 hxg2+ 26. Kxg2 Rg8 27.
Rg3 Bxg3 28. fxg3 Qxg6  0-1

[Event "1.Bundesliga Frauen 2019/20"]
[Site "St.Veit/Glan, Blumenhalle"]
[Date "2020.01.10"]
[Round "4"]
[Board "1"]
[White "Richterova, Natasa"]
[Black "Ragger, Anna-Christina"]
[Result "1/2-1/2"]
[WhiteElo "2216"]
[BlackElo "2203"]
[PlyCount "226"]
[EventDate "2019.10.11"]
[EventType "team"]
[EventRounds "9"]
[EventCountry "AUT"]
[WhiteTeam "SpG Steyr"]
[BlackTeam "SV Grafik-Druck Knapp St.Veit/Glan"]

1. e4 c6 2. d4 d5 3. Nd2 dxe4 4. Nxe4 Nf6 5. Ng3 g6 6. Bc4 Bg7 7. Nf3 O-O 8. h3
Nbd7 9. O-O b5 10. Be2 Qc7 11. c3 a6 12. a4 Rb8 13. Re1 Nb6 14. axb5 cxb5 15.
Ne5 Nfd5 16. Bf3 Rd8 17. Qb3 Be6 18. Qc2 b4 19. Rxa6 bxc3 20. Bxd5 Nxd5 21. Nc6
cxb2 22. Bxb2 Nb4 23. Nxb4 Qxc2 24. Nxc2 Rxb2 25. Rc6 Bb3 26. Rb6 Rxc2 27. Rxb3
Bxd4 28. Rf3 e5 29. Ne2 Bc5 30. Ng3 Bd4 31. Ne2 Bb2 32. g4 Rcd2 33. Ng3 R2d3
34. Rxd3 Rxd3 35. Re2 Bd4 36. Kg2 h6 37. h4 Kf8 38. Rc2 Rc3 39. Re2 Ke7 40. h5
Ke6 41. Ne4 Rc8 42. hxg6 fxg6 43. Ng3 Kd5 44. Ne4 Ra8 45. Nf6+ Kc4 46. Ne4 Kd3
47. Ng3 h5 48. gxh5 gxh5 49. Re1 h4 50. Ne4 Rg8+ 51. Kh3 Rf8 52. Kg2 h3+ 53.
Kg3 h2 54. Kxh2 Bxf2 55. Nxf2+ Rxf2+ 56. Kg3 Re2 57. Ra1 Rc2 58. Ra3+ Rc3 59.
Ra4 Rc2 60. Kf3 Rc8 61. Ra3+ Kd4 62. Ra4+ Kd5 63. Ke3 Rc3+ 64. Ke2 Rb3 65. Kd2
Ke6 66. Rh4 Kf5 67. Rh5+ Kf4 68. Rh4+ Kf5 69. Rh5+ Ke4 70. Rh4+ Kd5 71. Ra4 Rh3
72. Rb4 Ke6 73. Ra4 Kf5 74. Rb4 Rh2+ 75. Ke3 Rh1 76. Ra4 Re1+ 77. Kf2 Rd1 78.
Ke3 Rb1 79. Rc4 Rb3+ 80. Ke2 Rb5 81. Ra4 Rd5 82. Ke3 Rb5 83. Rc4 Rb3+ 84. Ke2
Rg3 85. Ra4 Rg2+ 86. Kf3 Rb2 87. Ke3 Rb1 88. Rc4 Re1+ 89. Kf3 Rd1 90. Ke2 Rd5
91. Ke3 Ra5 92. Rb4 Ra3+ 93. Ke2 Rc3 94. Ra4 Rc8 95. Ke3 Rd8 96. Rb4 Rg8 97.
Ra4 Rg3+ 98. Kf2 Rd3 99. Ke2 e4 100. Ra8 Rd5 101. Ke3 Rd3+ 102. Ke2 Rd6 103.
Ke3 Re6 104. Ra5+ Re5 105. Rxe5+ Kxe5 106. Ke2 Kd4 107. Kd2 e3+ 108. Ke2 Ke4
109. Ke1 Kd4 110. Ke2 Ke4 111. Ke1 Kd3 112. Kd1 e2+ 113. Ke1 Ke3  1/2-1/2

[Event "1.Bundesliga Frauen 2019/20"]
[Site "St.Veit/Glan, Blumenhalle"]
[Date "2020.01.10"]
[Round "4"]
[Board "2"]
[White "Hiebler, Laura"]
[Black "Batyte, Daiva"]
[Result "0-1"]
[WhiteElo "2011"]
[BlackElo "2138"]
[PlyCount "108"]
[EventDate "2019.10.11"]
[EventType "team"]
[EventRounds "9"]
[EventCountry "AUT"]
[WhiteTeam "SV Grafik-Druck Knapp St.Veit/Glan"]
[BlackTeam "SpG Steyr"]

1. c4 Nf6 2. Nc3 g6 3. g3 Bg7 4. Bg2 c5 5. Nf3 Nc6 6. d4 cxd4 7. Nxd4 Qb6 8. e3
d6 9. O-O O-O 10. b3 Bd7 11. Bb2 Rac8 12. Qd2 Rfd8 13. Rac1 a6 14. h3 e6 15.
Nxc6 Bxc6 16. e4 Qc5 17. Rfd1 Qh5 18. Qe3 Ne8 19. Rc2 b5 20. g4 Qc5 21. Ne2
Bxb2 22. Rxb2 bxc4 23. bxc4 Nf6 24. Ng3 Ba4 25. Rdb1 Qxc4 26. Qf3 Qc3 27. Rb6
Qxf3 28. Bxf3 Bc2 29. Rc1 a5 30. Bg2 h6 31. f3 d5 32. Ra6 d4 33. Nf1 a4 34. Nd2
d3 35. Kf2 Nd7 36. Rd6 Ne5 37. Rxd8+ Rxd8 38. Bf1 Nc6 39. a3 Nd4 40. Ke3 Nb3
41. Re1 e5 42. h4 g5 43. hxg5 hxg5 44. Bg2 Kg7 45. Bh3 Rc8 46. Bf1 Rd8 47. Bh3
Nd4 48. Bf1 Ne6 49. Nc4 Nf4 50. Kd2 Rh8 51. Kc3 Rc8 52. Ra1 Bb3 53. Bxd3 Nxd3
54. Kxd3 Bxc4+  0-1

[Event "1.Bundesliga Frauen 2019/20"]
[Site "St.Veit/Glan, Blumenhalle"]
[Date "2020.01.10"]
[Round "4"]
[Board "3"]
[White "Saler-Grafenberger, Elisabeth"]
[Black "Kejzar, Petra"]
[Result "1-0"]
[WhiteElo "1855"]
[BlackElo "2057"]
[PlyCount "163"]
[EventDate "2019.10.11"]
[EventType "team"]
[EventRounds "9"]
[EventCountry "AUT"]
[WhiteTeam "SpG Steyr"]
[BlackTeam "SV Grafik-Druck Knapp St.Veit/Glan"]

1. c4 Nf6 2. Nf3 e6 3. Nc3 d5 4. d4 Be7 5. e3 O-O 6. Be2 b6 7. O-O Bb7 8. b3
Nbd7 9. Bb2 c5 10. Rc1 Rc8 11. h3 cxd4 12. Nxd4 dxc4 13. Bxc4 Ne5 14. Be2 a6
15. Nf3 Bxf3 16. gxf3 Ra8 17. Qxd8 Rfxd8 18. Rfd1 Ned7 19. Nb1 b5 20. f4 Rac8
21. Bf3 Nb6 22. Rxd8+ Rxd8 23. Rc6 Rb8 24. Be5 Rb7 25. Rc8+ Nxc8 26. Bxb7 Nb6
27. Bxa6 b4 28. Bb5 Ne4 29. Bd4 Nc8 30. f3 Ng3 31. Bd3 Bd6 32. Nd2 Nf5 33. Bxf5
exf5 34. Nc4 Bf8 35. Kf2 Ne7 36. Ke2 Nc6 37. Kd3 f6 38. e4 fxe4+ 39. fxe4 Kf7
40. Bb6 g5 41. fxg5 fxg5 42. Bc7 Ke6 43. Bg3 h5 44. h4 g4 45. Ke3 Bg7 46. Be1
Bh6+ 47. Kf2 Bf8 48. Ke3 Be7 49. Bg3 Na7 50. Kd3 Nb5 51. Ne3 Bd6 52. Bxd6 Nxd6
53. Kd4 Nb5+ 54. Kc4 Nc3 55. Nf5 Ke5 56. Ng3 Nxa2 57. Nxh5 Kxe4 58. Ng3+ Kf4
59. h5 Kg5 60. Kc5 Kh6 61. Kc4 Kg5 62. Kc5 Nc3 63. Kxb4 Nd5+ 64. Kc4 Nf6 65. b4
Kf4 66. b5 Kxg3 67. b6 Kf2 68. b7 Nd7 69. h6 g3 70. h7 g2 71. h8=Q g1=Q 72.
Qd4+ Kg2 73. Qxd7 Qc1+ 74. Kb5 Qb2+ 75. Kc6 Qc3+ 76. Kb6 Qb4+ 77. Kc7 Qa5+ 78.
Kc8 Qa6 79. Qd5+ Kh2 80. Kc7 Qa7 81. Qd6+ Kg1 82. Qb6+  1-0

[Event "1.Bundesliga Frauen 2019/20"]
[Site "St.Veit/Glan, Blumenhalle"]
[Date "2020.01.10"]
[Round "4"]
[Board "4"]
[White "Krassnitzer, Maria"]
[Black "Hackbarth, Christa"]
[Result "1-0"]
[WhiteElo "1666"]
[BlackElo "1798"]
[PlyCount "67"]
[EventDate "2019.10.11"]
[EventType "team"]
[EventRounds "9"]
[EventCountry "AUT"]
[WhiteTeam "SV Grafik-Druck Knapp St.Veit/Glan"]
[BlackTeam "SpG Steyr"]

1. e4 c6 2. Nf3 d5 3. d3 dxe4 4. dxe4 Qb6 5. Nc3 Bg4 6. Be2 Nd7 7. O-O Rd8 8.
Qe1 e6 9. Rb1 Bd6 10. h3 Bh5 11. Bg5 f6 12. Be3 Qc7 13. Nd4 Bf7 14. Bg4 Nf8 15.
Rd1 h5 16. Be2 Ne7 17. f4 Bc5 18. Kh1 Nd7 19. e5 Bxd4 20. Bxd4 Nf5 21. Ne4 fxe5
22. fxe5 Nxe5 23. Bc5 Rxd1 24. Qxd1 Qd7 25. Kh2 b6 26. Nd6+ Nxd6 27. Bxd6 Ng4+
28. hxg4 hxg4+ 29. Kg3 Qd8 30. Bxg4 Qh4+ 31. Kf3 Rh6 32. g3 Qf6+ 33. Kg2 Qxb2
34. Bc7  1-0

[Event "1.Bundesliga Frauen 2019/20"]
[Site "St.Veit/Glan, Blumenhalle"]
[Date "2020.01.11"]
[Round "5"]
[Board "1"]
[White "Ragger, Anna-Christina"]
[Black "Cvitan, Ena"]
[Result "1/2-1/2"]
[WhiteElo "2203"]
[BlackElo "2276"]
[PlyCount "70"]
[EventDate "2019.10.11"]
[EventType "team"]
[EventRounds "9"]
[EventCountry "AUT"]
[WhiteTeam "SV Grafik-Druck Knapp St.Veit/Glan"]
[BlackTeam "ASVOE Wulkaprodersdorf"]

1. e4 c6 2. d4 d5 3. exd5 cxd5 4. Bd3 Nc6 5. c3 Nf6 6. Bf4 Bg4 7. Qb3 Qc8 8.
Nd2 e6 9. Ngf3 Bh5 10. O-O Be7 11. Rae1 Bg6 12. Bxg6 hxg6 13. g3 a6 14. h4 b5
15. a3 Kf8 16. Kg2 Nh5 17. Bg5 Bd6 18. Ne5 Qc7 19. Ndf3 Re8 20. Qd1 Nf6 21.
Nxc6 Qxc6 22. Bxf6 gxf6 23. Re2 a5 24. Qd3 Qc4 25. Ne1 Rb8 26. Rc2 Kg7 27. Rh1
Rbc8 28. Qe3 Qb3 29. Qf3 Qa4 30. h5 Rxh5 31. Rxh5 gxh5 32. Qxh5 b4 33. axb4
axb4 34. Qe2 bxc3 35. bxc3 Qc4  1/2-1/2

[Event "1.Bundesliga Frauen 2019/20"]
[Site "St.Veit/Glan, Blumenhalle"]
[Date "2020.01.11"]
[Round "5"]
[Board "2"]
[White "Vujnovic, Patricija"]
[Black "Polterauer, Chiara"]
[Result "1-0"]
[WhiteElo "2103"]
[BlackElo "2178"]
[PlyCount "117"]
[EventDate "2019.10.11"]
[EventType "team"]
[EventRounds "9"]
[EventCountry "AUT"]
[WhiteTeam "ASVOE Wulkaprodersdorf"]
[BlackTeam "SV Grafik-Druck Knapp St.Veit/Glan"]

1. b3 d5 2. Bb2 e6 3. e3 Nf6 4. f4 Bd6 5. Nf3 c5 6. Bb5+ Bd7 7. a4 a6 8. Be2
Nc6 9. Ne5 Qc7 10. Nxd7 Qxd7 11. O-O d4 12. Na3 O-O 13. Bf3 Rad8 14. Nc4 Bc7
15. a5 Nd5 16. g3 f5 17. e4 Nf6 18. e5 Nd5 19. d3 Qe7 20. Bc1 h6 21. Bd2 Kh7
22. Nb6 Bxb6 23. Bxd5 Rxd5 24. axb6 Qd8 25. Ba5 c4 26. b4 c3 27. Qf3 Rb5 28. h4
g6 29. Rfb1 Qd7 30. Kh2 Ne7 31. Qf2 Kg7 32. Rc1 Qd5 33. Rcb1 Rg8 34. Qe2 Kf7
35. Re1 Ke8 36. Reb1 Kd7 37. Re1 g5 38. Rg1 Kc6 39. Qh5 g4 40. Qxh6 Qd7 41. Qh7
Qe8 42. Rh1 Qf8 43. Qh5 Rg6 44. Kg1 Qg7 45. Kf2 Ng8 46. Rhb1 Nh6 47. Ra3 Nf7
48. Rbb3 Kd7 49. Rxc3 dxc3 50. Rxc3 Kd8 51. Rc7 Rd5 52. Rxb7 Kc8 53. Rc7+ Kb8
54. c4 Rd8 55. c5 Rh8 56. c6 Nxe5 57. Rxg7 Rxh5 58. Rb7+ Kc8 59. fxe5  1-0